Evolutionary equations

Сохранить в:
Библиографические подробности
Главные авторы: Dafermos, Constantine M (Автор), Pokorny, Milan (Автор)
Формат:
Язык:английский
Опубликовано: Amsterdam Elsevier 2008
Редактирование:1a. ed
Серии:Handbook of Differential Equations
Предметы:
Метки: Добавить метку
Нет меток, Требуется 1-ая метка записи!

MARC

LEADER 00000cam a2200000 a 4500
001 UCE0857
003 CL-VaPUC
008 140317e20080000ne |||||||||||||||||eng|d
020 |a 9780444530349 
082 0 4 |a 515.35  |b DAF  |2 21 
100 0 |a Dafermos, Constantine M  |e author  |9 573226 
700 0 |a Pokorny, Milan  |e author  |9 573227 
245 1 0 |a Evolutionary equations 
246 1 0 |a Handbook of Differential Equations: evolutionary equations 
250 |a 1a. ed 
300 |a 2 v 
942 |c BK 
945 |d 20140317 10:17:00  |a cmena 
260 |a Amsterdam  |b Elsevier  |c 2008 
650 0 |a Ecuaciones diferenciales  |9 260083 
650 7 |a CALCULO FUNCIONAL  |2 CL-VaPUC  |9 425514 
650 0 |a Ecuaciones no lineales  |9 343071 
650 0 |a Ecuaciones parabólicas  |9 424133 
583 |a last modification  |c 20140321 09:22:35  |k Rodrigo Vera 
490 0 |a Handbook of Differential Equations 
999 |c 354862  |d 354860 
952 |0 0  |1 0  |3 erd  |4 0  |6 515_350000000000000_DAF_2008  |7 0  |8 A  |9 461082  |a BIBMAT  |b BIBMAT  |h v.4  |i 5024188  |o 515.35 DAF 2008  |p 5024188  |r 2025-01-07  |w 2019-11-23  |y BK  |z Catalogado en:20140317  |k MAT 
952 |0 0  |1 0  |3 erd  |4 0  |6 515_350000000000000_DAF_2008  |7 0  |8 A  |9 461083  |a BIBMAT  |b BIBMAT  |h v.5  |i 502420K  |o 515.35 DAF 2008  |p 502420K  |r 2025-01-07  |w 2019-11-23  |y BK  |z Catalogado en:20140317  |k MAT